[Event "Prague op-B 18th"]
[Site "Prague"]
[Date "2019.01.13"]
[Round "4"]
[White "Juhanak, Daniel"]
[Black "Schneider, Kevin"]
[Result "1/2-1/2"]
[WhiteElo "1498"]
[BlackElo "1738"]
[PlyCount "41"]
[EventDate "2019.01.11"]
[EventType "swiss"]
[EventRounds "9"]
[EventCountry "CZE"]
[SourceTitle "CBM 188 Extra"]
[Source "ChessBase"]
[SourceDate "2019.02.28"]
[SourceVersion "1"]
[SourceVersionDate "2019.02.28"]
[SourceQuality "1"]

1. e4 e5 2. Nf3 Nc6 3. Bc4 Bc5 4. Nc3 Nf6 5. d3 h6 6. Be3 Bb6 7. 0-0 d6 8. Nd5 Nxd5 9. Bxd5 Bg4 10. c3 Qf6 11. Qa4 Bxf3 12. Bxc6+ bxc6 13. Qxc6+ Ke7 14. gxf3 Qxf3 15. Bxb6 Qg4+ 16. Kh1 Qf3+ 17. Kg1 cxb6 18. Qb7+ Kf6 19. d4 Rhe8 20. Rae1 Qg4+ 21. Kh1 1/2-1/2

[Event "Hofheim Spring op-B 6th"]
[Site "Hofheim"]
[Date "2018.04.07"]
[Round "9"]
[White "Guertler, Karl Heinz"]
[Black "Schneider, Kevin"]
[Result "0-1"]
[WhiteElo "1922"]
[BlackElo "1699"]
[PlyCount "136"]
[EventDate "2018.04.03"]
[EventType "swiss"]
[EventRounds "9"]
[EventCountry "GER"]
[SourceTitle "EXT 2020"]
[Source "ChessBase"]
[SourceDate "2019.10.17"]
[SourceVersion "1"]
[SourceVersionDate "2019.10.17"]
[SourceQuality "1"]

1. e4 e5 2. Nf3 Nc6 3. Bc4 Bc5 4. d3 h6 5. Nc3 a6 6. Nd5 d6 7. c3 Na5 8. b4 Nxc4 9. bxc5 Na5 10. Ba3 Nf6 11. Qa4+ Nc6 12. Rb1 0-0 13. cxd6 cxd6 14. Nb6 Ra7 15. 0-0 Bg4 16. Nd2 Be2 17. Qc2 Bxf1 18. Nxf1 Qc7 19. Ne3 Ne7 20. Nec4 Rd8 21. f4 d5 22. Nxe5 dxe4 23. dxe4 Nc6 24. Nec4 Qxf4 25. Re1 Ng4 26. g3 Qc7 27. Nd5 Qb8 28. Bc5 Nce5 29. Qe2 Nxc4 30. Qxg4 Ne5 31. Qf5 Ng6 32. Rf1 b5 33. Kg2 Rad7 34. h4 Qb7 35. Rd1 Kh8 36. Bd4 Qc6 37. h5 Nf8 38. Nf6 Rxd4 39. cxd4 Qxf6 40. Qxf6 gxf6 41. d5 Rc8 42. Kf3 Nd7 43. Kf4 Kg8 44. Kf5 Rc2 45. d6 Rc5+ 46. Kf4 Kf8 47. g4 a5 48. Ke3 Ke8 49. Kd4 Rc4+ 50. Ke3 Kd8 51. Rd5 Ra4 52. Rxb5 Rxa2 53. Kd4 Rd2+ 54. Ke3 Rxd6 55. Rxa5 Ne5 56. Ra8+ Ke7 57. Rh8 Rd3+ 58. Ke2 Rg3 59. Rxh6 Nxg4 60. Rh8 Re3+ 61. Kf1 Rxe4 62. h6 Ne5 63. Kg2 Rh4 64. Kg3 Ng6 65. h7 Nxh8 66. Kxh4 Kf8 67. Kg4 Kg7 68. Kf5 Ng6 0-1

[Event "Hofheim Spring op-B 6th"]
[Site "Hofheim"]
[Date "2018.04.04"]
[Round "3"]
[White "Marsland, Stephen J"]
[Black "Schneider, Kevin"]
[Result "1/2-1/2"]
[WhiteElo "1900"]
[BlackElo "1699"]
[PlyCount "90"]
[EventDate "2018.04.03"]
[EventType "swiss"]
[EventRounds "9"]
[EventCountry "GER"]
[SourceTitle "EXT 2020"]
[Source "ChessBase"]
[SourceDate "2019.10.17"]
[SourceVersion "1"]
[SourceVersionDate "2019.10.17"]
[SourceQuality "1"]

1. d4 Nf6 2. c4 e6 3. Nf3 c5 4. d5 exd5 5. cxd5 d6 6. Nc3 g6 7. e4 Bg7 8. h3 0-0 9. Bd3 a6 10. a4 Re8 11. 0-0 Nbd7 12. Bf4 Qc7 13. Bh2 Nh5 14. g4 Nhf6 15. Re1 Ne5 16. Nxe5 dxe5 17. Qd2 Re7 18. f4 Ne8 19. f5 Nd6 20. Kg2 Rb8 21. Qf2 f6 22. Rac1 c4 23. Nd1 b5 24. axb5 axb5 25. b4 Qb6 26. Qxb6 Rxb6 27. Bc2 Ra6 28. Nc3 Bh6 29. Ra1 Rea7 30. Rxa6 Rxa6 31. Re2 Ra3 32. Nb1 Ra6 33. Bg1 Kf7 34. Nc3 Bd7 35. Bc5 Bf8 36. fxg6+ hxg6 37. Rf2 g5 38. Kg3 Kg6 39. h4 gxh4+ 40. Kxh4 Be7 41. Kg3 Ra3 42. Rf3 Kg5 43. Be3+ Kg6 44. Bc5 Kg5 45. Be3+ Kg6 1/2-1/2

[Event "Hofheim Spring op-B 6th"]
[Site "Hofheim"]
[Date "2018.04.04"]
[Round "2"]
[White "Schneider, Kevin"]
[Black "Pessotschinski, Eduard"]
[Result "1-0"]
[WhiteElo "1699"]
[BlackElo "1383"]
[PlyCount "67"]
[EventDate "2018.04.03"]
[EventType "swiss"]
[EventRounds "9"]
[EventCountry "GER"]
[SourceTitle "EXT 2020"]
[Source "ChessBase"]
[SourceDate "2019.10.17"]
[SourceVersion "1"]
[SourceVersionDate "2019.10.17"]
[SourceQuality "1"]

1. e4 c5 2. Nf3 d6 3. c3 Nf6 4. h3 g6 5. Be2 Nxe4 6. Qa4+ Nc6 7. Qxe4 Bg7 8. Qc2 0-0 9. 0-0 Bf5 10. Bd3 Bd7 11. Qd1 Qc8 12. Bb5 a6 13. Bxc6 Bxc6 14. d3 Qf5 15. Na3 b5 16. Nc2 Rfe8 17. d4 Rad8 18. Ne3 Qf6 19. d5 Bd7 20. Ng4 Bxg4 21. hxg4 h6 22. Qc2 Bf8 23. g5 Qh8 24. gxh6 Bxh6 25. Bxh6 Qxh6 26. Qd2 Qh7 27. g3 f6 28. Kg2 Kg7 29. Rh1 Qg8 30. Qh6+ Kf7 31. Rh2 Qh8 32. Qe3 Qg7 33. Qe6+ Kf8 34. Rah1 1-0

[Event "Hessen-chB"]
[Site "Marburg"]
[Date "2017.??.??"]
[Round "4"]
[White "Schneider, Kevin"]
[Black "Hettler, Wolfgang"]
[Result "0-1"]
[WhiteElo "1653"]
[BlackElo "2060"]
[PlyCount "80"]
[EventDate "2017.05.24"]
[EventType "swiss"]
[EventRounds "7"]
[EventCountry "GER"]
[SourceTitle "EXT 2018"]
[Source "ChessBase"]
[SourceDate "2017.10.13"]
[SourceVersion "1"]
[SourceVersionDate "2017.10.13"]
[SourceQuality "1"]

1. e4 c6 2. Ne2 d5 3. e5 Bg4 4. d4 e6 5. Nd2 h6 6. c3 Nd7 7. b3 c5 8. f3 Bf5 9. Ng3 Bh7 10. Bb2 cxd4 11. cxd4 Bb4 12. a3 Ba5 13. b4 Bb6 14. Nb3 Ne7 15. Bd3 Bxd3 16. Qxd3 0-0 17. Nc5 Rb8 18. 0-0 Bxc5 19. bxc5 b6 20. cxb6 Qxb6 21. Bc3 Nxe5 22. Qe3 Nc4 23. Qf2 a5 24. Rfd1 Qd6 25. a4 Nc6 26. Qe1 Rb3 27. Rdb1 Rfb8 28. Ne2 Qc7 29. Qd1 Rxb1 30. Rxb1 Qa7 31. Rxb8+ Qxb8 32. Be1 Qb6 33. Kh1 Qb2 34. Bc3 Qa2 35. Be1 Nb4 36. Nc3 Qa3 37. Nb5 Qb2 38. Bc3 Qf2 39. Qg1 Qc2 40. h4 Qxa4 0-1

[Event "Heusenstamm Sparkassen op-B 3rd"]
[Site "Heusenstamm"]
[Date "2016.11.27"]
[Round "5"]
[White "Fritsch, Reinhold"]
[Black "Schneider, Kevin"]
[Result "1/2-1/2"]
[WhiteElo "1441"]
[BlackElo "1671"]
[PlyCount "69"]
[EventDate "2016.11.27"]
[EventType "swiss"]
[EventRounds "7"]
[EventCountry "GER"]
[SourceTitle "EXT 2018"]
[Source "ChessBase"]
[SourceDate "2017.10.13"]
[SourceVersion "1"]
[SourceVersionDate "2017.10.13"]
[SourceQuality "1"]

1. e4 e5 2. f4 exf4 3. Nf3 g5 4. h4 g4 5. Ne5 h5 6. Bc4 Nh6 7. d4 d6 8. Nd3 f3 9. gxf3 Be7 10. Be3 Bxh4+ 11. Kd2 gxf3 12. Qxf3 Bg4 13. Qf4 Qf6 14. Nc3 Qxf4 15. Bxf4 Be7 16. Raf1 f5 17. Nd5 Kd7 18. Nxe7 Kxe7 19. Bg5+ Kd7 20. e5 Nc6 21. e6+ Ke8 22. c3 Ng8 23. Nf4 Nge7 24. Nd3 Na5 25. Bb5+ c6 26. Ba4 Nc4+ 27. Kc1 Be2 28. Rd1 Bxd1 29. Bxd1 Kd8 30. Nf4 Rg8 31. Rxh5 Ke8 32. Bxe7 Kxe7 33. Rh7+ Kf6 34. e7 Rg1 35. Nh5+ 1/2-1/2

[Event "Eschborn op"]
[Site "Eschborn"]
[Date "2016.09.04"]
[Round "4"]
[White "Juhnke, Peter"]
[Black "Schneider, Kevin"]
[Result "1-0"]
[WhiteElo "1800"]
[BlackElo "1597"]
[PlyCount "47"]
[EventDate "2016.09.02"]
[EventType "swiss"]
[EventRounds "5"]
[EventCountry "GER"]
[SourceTitle "EXT 2018"]
[Source "ChessBase"]
[SourceDate "2017.10.13"]
[SourceVersion "1"]
[SourceVersionDate "2017.10.13"]
[SourceQuality "1"]

1. e4 e5 2. f4 exf4 3. Nf3 g5 4. h4 g4 5. Ng5 Nh6 6. d4 f6 7. Bxf4 fxg5 8. hxg5 Nf7 9. Qxg4 d6 10. Qh5 Qe7 11. Nc3 Bf5 12. 0-0-0 Bg6 13. Qg4 Qd7 14. Qg3 Bg7 15. Bc4 0-0 16. e5 Qf5 17. Bd3 Qe6 18. d5 Qd7 19. Bxg6 hxg6 20. e6 Ne5 21. Qh4 Rf5 22. Qh7+ Kf8 23. Rh4 Rxg5 24. Bxg5 1-0

[Event "Eschborn op"]
[Site "Eschborn"]
[Date "2016.09.03"]
[Round "2"]
[White "Brockmann, Marcus"]
[Black "Schneider, Kevin"]
[Result "0-1"]
[WhiteElo "1397"]
[BlackElo "1597"]
[PlyCount "48"]
[EventDate "2016.09.02"]
[EventType "swiss"]
[EventRounds "5"]
[EventCountry "GER"]
[SourceTitle "EXT 2018"]
[Source "ChessBase"]
[SourceDate "2017.10.13"]
[SourceVersion "1"]
[SourceVersionDate "2017.10.13"]
[SourceQuality "1"]

1. e4 e5 2. Nf3 Nc6 3. Bc4 Bc5 4. b4 Bxb4 5. c3 Ba5 6. d4 Qe7 7. Ba3 Bxc3+ 8. Nxc3 Qxa3 9. Bxf7+ Kxf7 10. Ng5+ Kf8 11. Qf3+ Nf6 12. 0-0 exd4 13. Qf4 Qd6 14. Qf5 Ne7 15. Qf3 dxc3 16. Qxc3 Qc6 17. Qb3 d5 18. e5 Ne4 19. Qf3+ Nf5 20. Qa3+ Ne7 21. Qf3+ Bf5 22. Qh5 Nxg5 23. Qxg5 Bg6 24. Qf4+ Ke8 0-1

[Event "Hofheim Spring op-B 4th"]
[Site "Hofheim"]
[Date "2016.03.31"]
[Round "4"]
[White "Kuenitz, Klaus"]
[Black "Schneider, Kevin"]
[Result "1/2-1/2"]
[WhiteElo "1825"]
[BlackElo "1574"]
[PlyCount "35"]
[EventDate "2016.03.30"]
[EventType "swiss"]
[EventRounds "9"]
[EventCountry "GER"]
[SourceTitle "EXT 2018"]
[Source "ChessBase"]
[SourceDate "2017.10.13"]
[SourceVersion "1"]
[SourceVersionDate "2017.10.13"]
[SourceQuality "1"]

1. d4 Nf6 2. c4 e6 3. Nf3 d5 4. Bg5 Be7 5. e3 h6 6. Bh4 b6 7. cxd5 Nxd5 8. Bxe7 Nxe7 9. Nc3 Bb7 10. Be2 Nd7 11. 0-0 0-0 12. Rc1 Rc8 13. Qa4 a6 14. Rfd1 Qe8 15. b4 Nf6 16. Qxe8 Rfxe8 17. Ne5 Red8 18. Bd3 1/2-1/2

[Event "Hofheim Spring op-B 4th"]
[Site "Hofheim"]
[Date "2016.03.30"]
[Round "1"]
[White "Schneider, Kevin"]
[Black "Koellner, Ulrich"]
[Result "0-1"]
[WhiteElo "1574"]
[BlackElo "1840"]
[PlyCount "104"]
[EventDate "2016.03.30"]
[EventType "swiss"]
[EventRounds "9"]
[EventCountry "GER"]
[SourceTitle "EXT 2018"]
[Source "ChessBase"]
[SourceDate "2017.10.13"]
[SourceVersion "1"]
[SourceVersionDate "2017.10.13"]
[SourceQuality "1"]

1. e4 c6 2. d4 d5 3. Nd2 dxe4 4. Nxe4 Nd7 5. Nf3 Ngf6 6. Nxf6+ Nxf6 7. Bf4 Bg4 8. c3 e6 9. h3 Bh5 10. g4 Bg6 11. Ne5 Bd6 12. h4 Nd5 13. Bg3 f6 14. Nxg6 hxg6 15. Qe2 Qd7 16. Bh3 0-0-0 17. Qf3 Rde8 18. 0-0-0 Qc7 19. c4 Bxg3 20. fxg3 Nb6 21. Qb3 Kb8 22. Kb1 Re7 23. g5 f5 24. Bg2 Rd8 25. Rhe1 e5 26. dxe5 Rxd1+ 27. Rxd1 Rxe5 28. Qd3 Qe7 29. Qf1 Kc7 30. Qf4 Kc8 31. g4 Re1 32. Bf3 Qe3 33. Qxe3 Rxe3 34. Rf1 Nxc4 35. Kc1 Ne5 36. Bd1 fxg4 37. Rg1 Re4 38. Kd2 Nf3+ 39. Bxf3 gxf3 40. Rf1 Rxh4 41. Rxf3 Rg4 42. Rf8+ Kc7 43. Rf7+ Kb6 44. Rxg7 Rxg5 45. a3 a5 46. Kc3 Rg4 47. Kb3 Ka6 48. a4 g5 49. Rg8 Rb4+ 50. Ka3 g4 51. Rg6 Kb6 52. Rg5 c5 0-1

[Event "Frankfurt-chB"]
[Site "Frankfurt"]
[Date "2015.06.15"]
[Round "7"]
[White "Brand, Achim"]
[Black "Schneider, Kevin"]
[Result "0-1"]
[WhiteElo "1244"]
[BlackElo "1228"]
[PlyCount "146"]
[EventDate "2015.04.27"]
[EventType "swiss"]
[EventRounds "7"]
[EventCountry "GER"]
[SourceTitle "EXT 2016"]
[Source "ChessBase"]
[SourceDate "2015.10.08"]
[SourceVersion "1"]
[SourceVersionDate "2015.10.08"]
[SourceQuality "1"]

1. e4 e5 2. Nf3 Nc6 3. Bc4 Bc5 4. d3 Nf6 5. Bg5 h6 6. Bh4 Be7 7. Nc3 d6 8. h3 Na5 9. Bb3 Nxb3 10. axb3 0-0 11. 0-0 Re8 12. d4 exd4 13. Nxd4 Nxe4 14. Bxe7 Rxe7 15. Nxe4 Rxe4 16. Qd3 Re8 17. Rfd1 Bd7 18. c4 Qg5 19. Qc3 b6 20. Rd3 Qe7 21. Rg3 Qf8 22. Rd1 Re5 23. Rdd3 Rae8 24. Nc2 Bf5 25. Rdf3 Bxc2 26. Qxc2 Rg5 27. Qd2 Rxg3 28. Rxg3 Re6 29. Qd4 a5 30. f4 Rg6 31. Rf3 Qa8 32. Kh2 c5 33. Qd3 Qd8 34. f5 Rf6 35. Qc2 Qd7 36. Qe4 g6 37. g4 g5 38. Kg3 d5 39. Qxd5 Qxd5 40. cxd5 Rd6 41. Rd3 f6 42. Kf3 Kf7 43. Ke2 Ke7 44. Kd2 b5 45. Kc3 Rb6 46. Re3+ Kd6 47. Re6+ Kc7 48. Re7+ Kd6 49. Ra7 Kxd5 50. Rxa5 Ke4 51. Ra1 Kf3 52. Re1 Kg3 53. Re6 Rb7 54. Rxf6 Kxh3 55. Rxh6+ Kxg4 56. f6 Kf5 57. f7 Rxf7 58. Rc6 b4+ 59. Kc4 Rb7 60. Rxc5+ Kf4 61. Kd3 g4 62. Ke2 Re7+ 63. Kf2 Re3 64. Rc4+ Re4 65. Rc8 g3+ 66. Kf1 Kf3 67. Rf8+ Rf4 68. Rg8 Rg4 69. Rf8+ Ke3 70. Kg2 Kd2 71. Rf3 Kc2 72. Re3 Kxb2 73. Rf3 Ka2 0-1

[Event "Eschborn op 11th"]
[Site "Eschborn"]
[Date "2014.09.07"]
[Round "5"]
[White "Schneider, Kevin"]
[Black "Lochmann, Tobias"]
[Result "1-0"]
[WhiteElo "1238"]
[BlackElo "726"]
[PlyCount "55"]
[EventDate "2014.09.05"]
[EventType "swiss"]
[EventRounds "5"]
[EventCountry "GER"]
[SourceTitle "EXT 2015"]
[Source "ChessBase"]
[SourceDate "2014.11.20"]
[SourceVersion "1"]
[SourceVersionDate "2014.11.20"]
[SourceQuality "1"]

1. e4 e5 2. Nf3 Nc6 3. Bc4 Bc5 4. d3 Nf6 5. Nc3 0-0 6. Bg5 Be7 7. h3 h6 8. Be3 b6 9. 0-0 Na5 10. Nxe5 Nxc4 11. Nxc4 Ba6 12. Nd2 Bb7 13. Nf3 Bd6 14. a4 c5 15. Re1 Ba6 16. Bd2 Bb8 17. e5 Nh7 18. Nd5 Bb7 19. c4 d6 20. exd6 Qxd6 21. Bf4 Qd8 22. Ne7+ Kh8 23. Ne5 Qxe7 24. Ng6+ fxg6 25. Rxe7 Rxf4 26. Rxb7 Rh4 27. Qf3 Ng5 28. Qf8+ 1-0

[Event "Eschborn op 11th"]
[Site "Eschborn"]
[Date "2014.09.05"]
[Round "1"]
[White "Schneider, Kevin"]
[Black "Arnold, Bendrick"]
[Result "0-1"]
[WhiteElo "1238"]
[BlackElo "1864"]
[PlyCount "50"]
[EventDate "2014.09.05"]
[EventType "swiss"]
[EventRounds "5"]
[EventCountry "GER"]
[SourceTitle "EXT 2015"]
[Source "ChessBase"]
[SourceDate "2014.11.20"]
[SourceVersion "1"]
[SourceVersionDate "2014.11.20"]
[SourceQuality "1"]

1. e4 c5 2. Nf3 d6 3. Bb5+ Bd7 4. Bxd7+ Qxd7 5. 0-0 Nc6 6. c3 Nf6 7. Re1 g6 8. e5 dxe5 9. Nxe5 Nxe5 10. Rxe5 Qc7 11. Qa4+ Nd7 12. Re4 Bg7 13. d3 e5 14. Na3 a6 15. Bg5 0-0 16. Rae1 b5 17. Qc2 f6 18. Bd2 f5 19. Rh4 Rad8 20. Qb3+ Kh8 21. Bg5 Bf6 22. Bxf6+ Nxf6 23. Re3 Qd6 24. f3 c4 25. dxc4 Qc5 0-1

[Event "Wiesbaden op 26th"]
[Site "Wiesbaden"]
[Date "2014.08.30"]
[Round "4"]
[White "Van Boemmel, Philipp"]
[Black "Schneider, Kevin"]
[Result "1/2-1/2"]
[WhiteElo "1722"]
[BlackElo "1155"]
[PlyCount "56"]
[EventDate "2014.08.28"]
[EventType "swiss"]
[EventRounds "7"]
[EventCountry "GER"]
[SourceTitle "CBM 162 Extra"]
[Source "ChessBase"]
[SourceDate "2014.10.17"]
[SourceVersion "1"]
[SourceVersionDate "2014.10.17"]
[SourceQuality "1"]

1. c4 c6 2. g3 d5 3. Bg2 Nf6 4. Nf3 Bg4 5. Ne5 Bf5 6. b3 Qa5 7. 0-0 Bxb1 8. Rxb1 Qxa2 9. Bb2 Qa5 10. Qc2 e6 11. cxd5 exd5 12. Qf5 Qd8 13. e4 Be7 14. exd5 cxd5 15. Rbc1 Nbd7 16. Rfe1 g6 17. Qf4 Nxe5 18. Qxe5 Kf8 19. Bxd5 Rg8 20. Bg2 Nd7 21. Qc7 Rb8 22. Qxd8+ Bxd8 23. Rc4 f6 24. Rd4 Nb6 25. Ba3+ Kf7 26. Bc5 Re8 27. Rxe8 Kxe8 28. Re4+ Kf7 1/2-1/2

[Event "Wiesbaden op 26th"]
[Site "Wiesbaden"]
[Date "2014.08.28"]
[Round "1"]
[White "Schneider, Kevin"]
[Black "Rump, Andreas"]
[Result "1/2-1/2"]
[WhiteElo "1155"]
[BlackElo "1939"]
[PlyCount "77"]
[EventDate "2014.08.28"]
[EventType "swiss"]
[EventRounds "7"]
[EventCountry "GER"]
[SourceTitle "CBM 162 Extra"]
[Source "ChessBase"]
[SourceDate "2014.10.17"]
[SourceVersion "1"]
[SourceVersionDate "2014.10.17"]
[SourceQuality "1"]

1. e4 Nf6 2. e5 Nd5 3. c4 Nb6 4. Nf3 d6 5. d4 Nc6 6. exd6 exd6 7. d5 Ne5 8. Nxe5 dxe5 9. Nc3 Bb4 10. a3 Bxc3+ 11. bxc3 0-0 12. Be2 Bd7 13. a4 c5 14. Be3 Rc8 15. a5 Na8 16. 0-0 f5 17. Qb3 f4 18. Bc1 Qc7 19. Rd1 Rf6 20. Bf3 Rb8 21. Be4 Qd6 22. Qc2 Rh6 23. Bd2 Rf8 24. f3 Nc7 25. Rdb1 Bc8 26. g4 Ne8 27. Bd3 Qf6 28. Be1 Nd6 29. h4 g5 30. h5 Rf7 31. Bf2 Rc7 32. Rb2 Ne8 33. Kg2 Qf7 34. Re1 Qe7 35. Qe2 e4 36. Bxe4 Nd6 37. Bd3 Qg7 38. Qc2 Kh8 39. Rbb1 1/2-1/2

[Event "Karl Mala Memorial op-B 17th"]
[Site "Frankfurt"]
[Date "2014.08.02"]
[Round "5"]
[White "Schneider, Kevin"]
[Black "Schwarz, Daniel"]
[Result "1-0"]
[WhiteElo "994"]
[BlackElo "1418"]
[PlyCount "145"]
[EventDate "2014.07.31"]
[EventType "swiss"]
[EventRounds "7"]
[EventCountry "GER"]
[SourceTitle "EXT 2015"]
[Source "ChessBase"]
[SourceDate "2014.11.20"]
[SourceVersion "1"]
[SourceVersionDate "2014.11.20"]
[SourceQuality "1"]

1. e4 e5 2. Nf3 Nc6 3. a3 Nf6 4. d3 d5 5. exd5 Nxd5 6. Be2 Be6 7. 0-0 Bd6 8. Bg5 f6 9. Bd2 Qd7 10. Nc3 0-0-0 11. Ne4 h5 12. c4 Nf4 13. Bxf4 exf4 14. Nxd6+ Qxd6 15. Ne1 h4 16. h3 g5 17. Bg4 f5 18. Be2 Rdg8 19. f3 Qd4+ 20. Kh1 Qxb2 21. Nc2 Qb6 22. d4 Rd8 23. Rb1 Qa6 24. Qd3 Ne7 25. d5 Qd6 26. Nd4 Bd7 27. Qb3 Qb6 28. Qxb6 axb6 29. Bd3 Rhg8 30. Rbe1 Rg7 31. Ne6 Bxe6 32. Rxe6 Rf7 33. Re5 c6 34. Rfe1 Rd7 35. a4 cxd5 36. cxd5 Kd8 37. Bb5 Rxd5 38. Rxd5+ Nxd5 39. Rd1 Kc7 40. Rxd5 Kc8 41. Kg1 Kc7 42. Kf2 Kc8 43. Bd3 Kc7 44. Bxf5 Kc6 45. Be4 Re7 46. Re5+ Kd7 47. Rxe7+ Kxe7 48. Ke2 Kd6 49. Bxb7 Kc5 50. Kd3 Kb4 51. Bc6 Kc5 52. Bb5 Kd5 53. Be8 Ke5 54. Kc4 Kd6 55. Kb5 Ke5 56. Kxb6 Kd4 57. a5 Ke3 58. Bh5 Kf2 59. Bg4 Kxg2 60. a6 Kg3 61. a7 Kg2 62. a8Q Kg3 63. Qg8 Kg2 64. Qxg5 Kg3 65. Qh5 Kh2 66. Qxh4 Kg2 67. Bc8 Kh2 68. Qxf4+ Kg2 69. Qg4+ Kh2 70. Kc5 Kh1 71. Kd4 Kh2 72. Ke3 Kh1 73. Kf2 1-0

[Event "Karl Mala Memorial op-B 17th"]
[Site "Frankfurt"]
[Date "2014.08.01"]
[Round "2"]
[White "Kirchner, Stefan2"]
[Black "Schneider, Kevin"]
[Result "1/2-1/2"]
[WhiteElo "1425"]
[BlackElo "994"]
[PlyCount "95"]
[EventDate "2014.07.31"]
[EventType "swiss"]
[EventRounds "7"]
[EventCountry "GER"]
[SourceTitle "EXT 2015"]
[Source "ChessBase"]
[SourceDate "2014.11.20"]
[SourceVersion "1"]
[SourceVersionDate "2014.11.20"]
[SourceQuality "1"]

1. e4 e5 2. Nf3 Nc6 3. Bc4 Bc5 4. c3 Nf6 5. d4 Bd6 6. Bg5 exd4 7. cxd4 Be7 8. Nc3 0-0 9. 0-0 d6 10. h3 Na5 11. Bd3 Nd7 12. Bd2 Nc6 13. a3 Re8 14. Nd5 Bf8 15. Qc2 Nf6 16. Bg5 Be7 17. Nxe7+ Qxe7 18. Rfe1 Qd7 19. Rac1 Nh5 20. b4 h6 21. Bd2 Re7 22. b5 Nd8 23. d5 b6 24. Nh4 Qe8 25. Qd1 Nf6 26. Qf3 Nb7 27. Bb4 Nc5 28. Bxc5 bxc5 29. Nf5 Re5 30. Ng3 Nxd5 31. Bc4 Nf6 32. Re2 Bd7 33. Qd3 Re7 34. a4 Be6 35. Rce1 Nd7 36. f4 Bxc4 37. Qxc4 Nb6 38. Qa2 a6 39. bxa6 Qxa4 40. Qxa4 Nxa4 41. Ra1 Nb6 42. Kf2 f6 43. Nf5 Rd7 44. Ne3 Ra7 45. Rb2 Rd8 46. Nf5 Kf7 47. Ne3 Rda8 48. Rba2 1/2-1/2

[Event "Karl Mala Memorial op-B 17th"]
[Site "Frankfurt"]
[Date "2014.07.31"]
[Round "1"]
[White "Schneider, Kevin"]
[Black "Droeser, Wolfgang"]
[Result "1-0"]
[WhiteElo "994"]
[BlackElo "1461"]
[PlyCount "83"]
[EventDate "2014.07.31"]
[EventType "swiss"]
[EventRounds "7"]
[EventCountry "GER"]
[SourceTitle "EXT 2015"]
[Source "ChessBase"]
[SourceDate "2014.11.20"]
[SourceVersion "1"]
[SourceVersionDate "2014.11.20"]
[SourceQuality "1"]

1. e4 d6 2. Nf3 g6 3. Bc4 e6 4. 0-0 Bg7 5. Re1 a6 6. c3 b5 7. Bf1 Bb7 8. d4 Ne7 9. Bg5 h6 10. Bf4 g5 11. Bg3 Nd7 12. Nfd2 Ng6 13. a4 bxa4 14. Qxa4 0-0 15. Nc4 d5 16. Na5 Qc8 17. Nxb7 Qxb7 18. Qxd7 Qxb2 19. Rxa6 Rfd8 20. Rxa8 Rxa8 21. Qb5 Qa2 22. exd5 Ra5 23. Qb8+ Nf8 24. dxe6 fxe6 25. Bxc7 Rf5 26. Re2 Qd5 27. Be5 Rf7 28. Bxg7 Kxg7 29. Qe5+ Qxe5 30. Rxe5 Rc7 31. g3 Kf6 32. Re1 Nd7 33. Bh3 Nf8 34. Rc1 h5 35. f3 Rg7 36. Nd2 g4 37. Ne4+ Kf5 38. Nd6+ Kg6 39. fxg4 hxg4 40. Bxg4 Kg5 41. Rf1 Ng6 42. Bxe6 1-0